| 000 | 00569nam a2200205 a 4500 | ||
|---|---|---|---|
| 001 | BRCA_6689 | ||
| 005 | 20190320205544.0 | ||
| 008 | 171011s1923----u--#######---#000-1#eng-# | ||
| 041 | _aeng | ||
| 044 | _au | ||
| 050 | 4 |
_aPZ3 _b.S3323 Ba |
|
| 100 | 1 |
_aSabatini, Rafael _916726 |
|
| 245 | 1 | 0 |
_aThe Banner of the bull _bthree episode in the career of Cesare Borgia _cby Rafael Sabatini |
| 260 |
_aBoston _bHoughton Mifflin _c1923 |
||
| 300 |
_a254 p. _c19 cm. |
||
| 500 | _aI72 | ||
| 650 | 1 | 4 |
_aBorgia, Cesare _vNovela _y1476-1507 _916727 |
| 902 | _aGFM | ||
| 942 |
_2lcc _cB |
||
| 999 |
_c6372 _d6372 |
||